Alle Brawler aus Brawl Stars Quiz - Statistiken

Allgemein
  • Dieses Quiz wurde 1.592 mal gespielt
    1.238 seit der letzten Aktualisierung
  • Das Durchschnittsergebnis liegt bei 46 aus 82
Antwortstatistiken
Hint Antwort % Korrekt
Ungewöhnlich Shelly
96%
Selten Colt
86%
Selten Nita
81%
Selten Bull
80%
Legendär Leon
80%
Selten Rosa
80%
Legendär Crow
79%
Selten El Primo
79%
Legendär Spike
79%
Selten Barley
77%
Selten Brock
73%
Selten Poco
73%
Superselten Jessie
71%
Mythisch Mortis
71%
Superselten Dynamike
70%
Legendär Amber
69%
Legendär Kit
69%
Superselten Rico
69%
Legendär Surge
69%
Legendär Meg
68%
Superselten Darryl
67%
Episch Piper
67%
Episch Bo
66%
Episch Frank
66%
Legendär Sandy
66%
Episch Edgar
65%
Superselten Penny
65%
Superselten Tick
65%
Superselten 8-Bit
64%
Superselten Jacky
63%
Superselten Gus
62%
Legendär Draco
61%
Superselten Carl
60%
Legendär Cordelius
60%
Mythisch Tara
60%
Legendär Chester
59%
Episch Emz
59%
Mythisch Buzz
58%
Episch Pam
57%
Episch Bibi
56%
Mythisch Gene
55%
Episch Stu
54%
Episch Mandy
53%
Episch Bea
52%
Episch Gale
52%
Episch Angelo
50%
Mythisch Byron
50%
Mythisch Max
49%
Episch Hank
48%
Episch Berry
47%
Episch Colette
46%
Mythisch Lou
46%
Episch Belle
45%
Mythisch Fang
45%
Episch Grom
45%
Mythisch Janet
45%
Episch Lola
45%
Mythisch Mico
45%
Episch Nani
45%
Episch Sam
45%
Episch Maisie
44%
Mythisch Mr.P
44%
Mythisch Sprout
44%
Episch Ash
43%
Mythisch Charlie
43%
Episch Griff
43%
Episch Pearl
43%
Mythisch Ruffs
43%
Mythisch Willow
43%
Episch Bonnie
42%
Mythisch Lily
42%
Mythisch Melodie
42%
Mythisch Buster
41%
Mythisch R-T
41%
Mythisch Chuck
40%
Mythisch Clancy
40%
Mythisch Otis
40%
Mythisch Eve
38%
Episch Larry & Lawrie
38%
Mythisch Gray
37%
Mythisch Doug
36%
Mythisch Squeak
33%
Keine übereinstimmenden Quizze gefunden
Verteilung der Resultate
Anzahl Personen mit jedem Resultat
Perzentil nach korrekt beantworteten Fragen
Ihre Resultats-Entwicklung
Sie haben dieses Quiz seit der letzten Aktualisierung nicht gespielt